Root disease problem on old rubber areas in Malaya (Record no. 43478)

MARC details
000 -LEADER
fixed length control field 00370nam a2200133Ia 4500
082 ## - DEWEY DECIMAL CLASSIFICATION NUMBER
Classification number NR:633.912.11:581.2
Item number SHA;1
100 ## - MAIN ENTRY--AUTHOR NAME
Personal name Sanderson, A R
245 #0 - TITLE STATEMENT
Title Root disease problem on old rubber areas in Malaya
260 ## - PUBLICATION, DISTRIBUTION, ETC. (IMPRINT)
Place of publication Malaysia
Name of publisher RRIM
Year of publication 1931
650 ## - SUBJECT ADDED ENTRY--TOPICAL TERM
Topical Term Rubber root disease
700 ## - ADDED ENTRY--PERSONAL NAME
Personal name Sharples, A
942 ## - ADDED ENTRY ELEMENTS (KOHA)
Koha item type Books
Holdings
Withdrawn status Lost status Damaged status Not for loan Home library Current library Date acquired Source of acquisition Full call number Accession Number Koha item type
        RRII Library RRII Library 16/12/2021 Gift NR:633.912.11:581.2 SHA;1 G00229 Books